Principios de economía

Saved in:
Bibliographic Details
Main Author: Taussig, F. W (Author)
Format: Book
Language:Spanish
Published: Buenos Aires Espasa-Calpe 1951
Edition:2a. ed
Subjects:
Tags: Add Tag
No Tags, Be the first to tag this record!

MARC

LEADER 00000nam a2200000 a 4500
001 UCT8902
003 CL-VaPUC
008 970326e19510000AG |||||||||||||||||spa|d
082 0 4 |a 330  |b TAU  |2 21 
100 0 |a Taussig, F. W  |e author  |9 381113 
245 1 0 |a Principios de economía 
250 |a 2a. ed 
300 |a 2 v 
942 |c BK 
945 |d 19970326 00:00:00  |a lriquelm 
260 |a Buenos Aires  |b Espasa-Calpe  |c 1951 
650 0 |a Economía   |9 255568 
650 0 |a Producción   |9 263680 
650 0 |a Capital   |9 263726 
650 0 |a Valor  |9 323720 
650 0 |a Oferta y demanda  |9 255571 
650 0 |a Bancos  |9 254963 
650 0 |a Moneda  |9 342365 
650 0 |a Precios   |9 260787 
650 0 |a Operaciones bancarias   |9 337857 
650 7 |a BANCOS COMERCIALES  |2 CL-VaPUC  |9 375787 
650 7 |a BANCOS CENTRALES  |2 CL-VaPUC  |9 325759 
650 7 |a COMERCIO INTERNACIONAL  |2 CL-VaPUC  |9 381114 
650 7 |a DISTRIBUCION DE LA RENTA  |2 CL-VaPUC  |9 381094 
650 7 |a RENTA  |2 CL-VaPUC  |9 358792 
650 0 |a Trabajo  |9 313876 
650 0 |a Impuestos  |9 255450 
583 |a last modification  |c 19970326 00:00:00  |k Rodrigo Vera 
999 |c 257374  |d 257372 
952 |0 0  |1 0  |4 0  |6 330_000000000000000_TAU_1951  |7 0  |8 P  |9 280790  |a BIBDER  |b BIBDER  |d 2019-11-19  |h v.1  |i 1814923  |o 330 TAU 1951  |p 1814923  |r 2023-01-25  |w 2019-11-19  |y BK  |k DER 
952 |0 0  |1 0  |4 0  |6 330_000000000000000_TAU_1951  |7 0  |8 P  |9 280791  |a BIBDER  |b BIBDER  |d 2019-11-19  |h v.2  |i 1814931  |o 330 TAU 1951  |p 1814931  |r 2023-01-25  |w 2019-11-19  |y BK  |k DER